000 00564nam a2200241 a 4500
001 nice12345678
003 IN_TiNIC
005 20260116012007.0
008 050524s1966 mada grp 000 0 ara
020 _a
_c115
082 0 0 _a297.1224
_bDAR
100 _aDarul, Qalam
245 _aQuran Karim
_b Osmani
260 _aMadras
_bNo Publisher
_c1966
300 _a522p.
500 _aincludes index and biblioraphy
505 2 _aAppendex
650 _aQuran-Arabic Text
700 1 _aDarul, Qalam
902 _bSRS
942 _cBK
999 _c5197
_d5197